000 00427nam a2200169 i 4500
001 108063
003 ES-MaACL
007 t|
008 070117q19701979mx ||||1| spa d
080 _a821.134.2(861)-31"18"
100 1 _aIsaacs, Jorge.
_965515
245 1 0 _aMaría /
_cJorge Isaacs.
250 _a1ª ed.
260 _aMéxico :
_bEpoca,
_c[197?]
300 _a312 p. ;
_c19 cm.
852 _aES-MaACL
_jE-9603
_bR.94087
999 _c108063
_d108063